Espacio Cultural Universitario / (Registro nro. 12364)

Detalles MARC
000 -LEADER
longitud fija campo de control 01201nam a22002537a 4500
003 - IDENTIFICADOR DE NUMERO DE CONTROL
control del campo AR-RoUNA
005 - FECHA DE LA ULTIMA MODIFICACION
control del campo 20260408062853.0
040 ## - ORIGEN DE LA CATALOGACION
Agencia que cataloga la obra original AR-RoUNA
Idioma en que se cataloga spa
Entidad que modifico el registro AR-RoUNA
041 ## - CODIGO DE IDIOMA
Codigo de idioma del texto / sonido o titulo separado spa
Codigo de idioma de la traduccion original y / o intermedios de texto spa
044 ## - CODIGO DE PAIS / ENTIDAD PRODUCTORA
Codigo MARC del pais ag
110 ## - ASIENTO PRINCIPAL - AUTOR INSTITUCIONAL
Nombre corporativo o de jurisdiccion como elemento de entrada Secretaria de Cultura del ECU. Universidad Nacional de Rosario
9 (RLIN) 27642
245 10 - TITULO PROPIAMENTE DICHO
Titulo Espacio Cultural Universitario /
Mencion de responsabilidad, etc Secretaria de Cultura del ECU. Universidad Nacional de Rosario
260 ## - EDITORIAL - PUBLICACION, DISTRIBUCION, ETC. (Pie de imprenta)
Lugar de publicacion, distribucion, etc Rosario, (Santa Fe, Argentina) :
Nombre del editor, distribuidor, etc Secretari de Cultura,
Fecha de publicacion [s.f]
300 ## - DESCRIPCION FISICA
Extension [s.p.]
Otros detalles fisicos fot. col.,
Dimensiones 22x24 cm
520 3# - NOTA DE RESUMEN
Nota de resumen, etc. El documento presenta al Espacio Cultural Universitario (ECU) de la Universidad Nacional de Rosario como un proyecto de recuperacion y resignificacion de un edificio historico para convertirlo en un centro cultural activo. Su objetivo es funcionar como un lugar de encuentro entre la universidad, la comunidad y diversas expresiones artisticas culturales.
600 14 - MATERIA - NOMBRES PERSONALES
Nombre personal Maiorana,Dario
9 (RLIN) 27644
600 14 - MATERIA - NOMBRES PERSONALES
Nombre personal Varela,Maria Ines
9 (RLIN) 27645
650 #4 - MATERIA - TERMINO TEMATICO
Término temático general Cultura universitaria
650 #4 - MATERIA - TERMINO TEMATICO
Término temático general Extension universitaria
651 #0 - MATERIA - NOMBRE GEOGRAFICO
Termino geografico Rosario (Santa Fe, Argentina)
9 (RLIN) 1246
942 ## - FUENTE DE CLASIFICACION
Clasificacion Universal Decimal Classification
945 ## - INFORMACION DE PROCESAMIENTO
Fecha de ingreso o modificacion 2026-03-17
980 ## - DECLARACIÓN DE EQUIVALENCIA O SERIE DE REFERENCIA CRUZADA - NOMBRE / TÍTULO PERSONAL [LOCAL, CANADÁ]
Código del operador 1
Nombre del operador Maricel Allasia
Código del operador que modifico el registro
Nombre del operador que modifico el registro CRON CRON
Existencias
Estado retiro Estado perdido Sistema de clasificacion Estado general Restricciones de uso Biblioteca de origen Ubicacion actual Localizacion en estante Fecha de adquisicion Fuente de adquisicion Prestamos totales Signatura y librística Proveedor Numero de ejemplar Tipo de elemento KOHA Nota no publica
Disponible Disponible cdu No dañado Ningun uso de restricciones Arq. Hilarión H. Larguia Arq. Hilarión H. Larguia Tec 17/03/2026 Don   378:7(821.6.17) Es77 18460 ej. 1 Folleto